MARC

LEADER 00000nam2a2200000 4500
001 171474
005 20231208102027.0
035 |a (RuTPU)RU\TPU\book\185932 
035 |a RU\TPU\book\116883 
090 |a 171474 
100 |a 20091204d2006 k y0rusy50 ca 
101 0 |a rus 
102 |a RU 
105 |a a z 001zy 
200 0 |a Т. 309, № 5 
210 |d 2006 
215 |a 276 с.  |c ил. 
320 |a Библиогр. в конце статей 
461 1 |0 (RuTPU)RU\TPU\book\176237  |t Известия Томского политехнического университета [Известия ТПУ]  |f Томский политехнический университет (ТПУ)  |v Т. 309, № 5  |d 2000- 
600 1 |a Сутягин  |b В. М.  |c российский химик  |c профессор Томского политехнического университета  |f 1936-  |g Владимир Михайлович  |2 stltpush  |3 (RuTPU)RU\TPU\pers\22011 
601 0 2 |a Томский политехнический университет (ТПУ)  |c (1991- )  |2 stltpush  |3 (RuTPU)RU\TPU\col\376 
606 1 |a Инженерное дело  |2 stltpush  |3 (RuTPU)RU\TPU\subj\12589  |9 39351 
610 1 |a технические вузы 
610 1 |a Россия 
610 1 |a Сибирь 
610 1 |a Томск 
610 1 |a естественные науки 
610 1 |a технические науки 
610 1 |a социально-экономические науки 
610 1 |a гуманитарные науки 
610 1 |a инженерное образование 
610 1 |a история 
610 1 |a кафедра электропривода 
610 1 |a кафедра электрических машин и аппаратов 
610 1 |a труды учёных ТПУ 
610 1 |a Коллекция История ТПУ 
675 |a 62  |v 3 
801 1 |a RU  |b 63413507  |c 20070118  |g PSBO 
801 2 |a RU  |b 63413507  |c 20221208  |g PSBO 
942 |c CR